All 50+ 'I' Boy Names that have ever ranked in the top 1000 (US) - Statistics

General Stats
  • This quiz has been taken 56 times
  • The average score is 20 of 54
Answer Stats
Highest Rank Male name % Correct
815 Iva
95%
871 Iver
95%
977 Ivor
95%
1000 Ivaan
91%
113 Ivan
91%
30 Isaac
84%
805 Isaak
84%
384 Issac
84%
67 Ian
81%
204 Israel
74%
659 Isreal
74%
701 Isai
72%
42 Isaiah
70%
400 Izaiah
70%
852 Izayah
70%
57 Ira
67%
975 Illya
53%
570 Ida
44%
184 Ike
40%
765 Ivey
40%
495 Ivory
40%
469 Ivy
40%
789 Ishmael
37%
234 Ismael
37%
359 Ibrahim
33%
739 Idris
28%
543 Irene
23%
714 Irven
23%
140 Irvin
23%
816 Irvine
23%
94 Irving
23%
247 Irwin
23%
611 Ignatius
21%
190 Iker
21%
906 Immanuel
21%
502 Ignacio
16%
605 Irl
12%
295 Isiah
12%
936 Imran
9%
295 Isadore
9%
830 Ishaan
9%
802 Isidor
9%
383 Isidore
9%
942 Ingram
5%
441 Isaias
5%
909 Ignatz
2%
986 Isam
2%
511 Isham
2%
713 Izan
2%
389 Infant
0%
942 Isael
0%
827 Isidro
0%
339 Isom
0%
797 Izael
0%
No matching quizzes found
Score Distribution
Percent of People with Each Score
Percentile by Number Answered
Your Score History
You have not taken this quiz